00611nam a22001697a 450000500170000002000190001703500130003603700130004910000330006224500860009526000410018130000250022270000250024794200300027299900170030295201220031920120519124718.0 a019563974Xc00 aA-820694 aDPLbENG aDholakia, Ravindra H.947464 aMicroeconomics for management students /cby Ravindra H. Dholakia and Ajay N. Oza aDelhibOxford University Pressc1996 aviii, 420p.c18 cms. aOza, Ajay N. 947465 2ddccENh338.5024658mDHO c66908d66908 001040708NFICaZLSbZLSd2012-05-19g0.00l0o338.5024658 DHOpA-820694r2012-05-19 00:00:00v0.00w2012-05-19yEN